zpět

Detail výsledku týmu

Beachklub Ládví, Praha

Datum a čas kvízu

36.5 Celkem bodů Celkový počet nahraných bodů na tomto kvízu bez doplňovacích otázek.
6. Pořadí na kvízu Konečné umístění týmu na tomto kvízu.

Zaznamenané odpovědi

# Otázka Odpověď Body Výsledky
1. Minulý týden jsme sledovali po... v Turecku 1
2. Britská Sněmovna lordů v pátek... C 1
3. V sobotu se na pražském Výstav... Mňága a Žďorp 1
4. Americký Federální úřad pro le... A 1
5. Ze soboty na neděli se v Miami... Carlos Ulberg 0
6. Vaším prvním úkolem v dnešním... 1C 2D 3B 4A 1
7. Poznejte gangsterku dle stručn... Dannyho parťáci (Ocean's Eleven) 1
8. Italští herci Carlo Pedersoli... Bud Spencer a Terence Hill 1
9. Gangster, na kterého se ptáme,... Jabba Hutt 1
10. Uveďte jméno i příjmení postav... John Wick 0